Antineuronálne protilátky u pacientov so sclerosis multiplex

Bibliographic Details
Main Authors: Szilasiová, Jarmila, 1966- (Author), Klímová, Eleonóra, 1954- (Author), Pitková, Soňa (Author)
Corporate Author: Neuroimunologické a likvorologické dni (Author)
Format: Conference Proceeding Article
Language:Slovak
PhysicalDescription:Tab.
ISSN:1210-7859
Subjects:

MARC

LEADER 00000nab a2200000 a 4500
001 vtls008874494
003 SK-MaSNL
005 20260304224930.0
008 141112c2005 xo 0 slo
015 |a SNBCL2005/5 
035 |a SLK036231 
040 |a SLKCL  |b slo  |c SNKBUCL  |e AACR2 
041 1 |a slo 
044 |a xo  |c SK 
080 |a 616.832-004.2-07:061.3  |2 1981 
100 1 |a Szilasiová, Jarmila,  |d 1966-  |4 aut  |9 263580 
245 1 0 |a Antineuronálne protilátky u pacientov so sclerosis multiplex  |c J. Szilasiová, E. Klímová, S. Pitková 
300 |b Tab. 
650 0 7 |a sclerosis multiplex  |x diagnostika  |2 MESH  |9 871262 
650 0 7 |a protilátky  |x krv  |2 MESH  |9 1459767 
650 0 7 |a technika fluorescenčná protilátková  |x využitie  |2 MESH  |9 1560600 
650 0 7 |a choroby nervového systému, autoimunitné  |x diagnostika  |2 MESH  |9 1560601 
650 0 7 |a neurologické symptómy  |2 MESH  |9 1195564 
650 0 7 |a testy sérologické  |2 MESH  |9 844101 
700 1 |a Klímová, Eleonóra,  |d 1954-  |4 aut  |9 169749 
700 1 |a Pitková, Soňa  |4 aut  |9 986636 
711 1 |a Neuroimunologické a likvorologické dni  |n 13.  |c Praha, Česko  |d 2005  |4 aut  |9 1550273 
773 0 |t Česká a slovenská neurologie a neurochirurgie  |g Roč. 68, č. 6 (2005), s. 427  |x 1210-7859 
850 |a Slovenská lekárska knižnica v Bratislave  |a BA006 
852 |a BA006  |b KIS3GCP  |b 000500000 
999 |c 3174875  |d 3176805